| 000 | 00632nam a22002177a 4500 | ||
|---|---|---|---|
| 003 | OSt | ||
| 005 | 20140310181922.0 | ||
| 008 | 130718t xxu||||| |||| 00| 0 eng d | ||
| 050 |
_aQA 43 _b.L528 2007 |
||
| 082 |
_aTR 372 _bL529rm 2007 |
||
| 100 | _aLeigh, Trish | ||
| 245 |
_aMaths investigations : _breal life learning : middle primary / _cTrish Leigh. |
||
| 260 |
_aPort Melbourne, Vic : _bRigby, _cc2007. |
||
| 300 |
_a48 p. ; _bill. ; _c28 cm. |
||
| 521 | _aFaculty | ||
| 541 | _j1 | ||
| 562 | _e1 | ||
| 650 |
_aMathematics _xStudy and teaching (Primary) _91834 |
||
| 700 | _aLeigh, Trish | ||
| 942 |
_2lcc _cBK-TR _kTR |
||
| 999 |
_c7038 _d7038 |
||